Every Bounty Hunter/Criminal in the Clone Wars series - Statistics

General Stats
  • This quiz has been taken 8 times
  • The average score is 33 of 117
Answer Stats
Homeworld/Birth
Manufacturer
Species Affiliations What criminal Missions Kills Fate Answer % Correct
Kamino, 32 BBY Human Empire, Confederacy, several crews Bounty Hunter Working for Empire, Jabba, Quarzite mission Abt. 185 kills Overtook Jabba's Palace in 9ABY Boba Fett
100%
Trandosha Trandoshan Empire, Confederacy, several crews Bounty Hunter Working for Empire, Jabba, Quarzite mission 1 confirmed kill (Movies and series) Lived and still is a Bounty Hunter in the New Republic Bossk'wassak'Cradossk
100%
Nal Hutta, 600 BBY Hutt Grand Hutt Council Crime Lord Eliminating Ziro No Kills Killed by Leia in 4 ABY Jabba Desilijic Tiure
100%
Nar Shaddaa, 51 BBY Palliduvan Jedi Order, several crews Bounty Hunter Working for Ziro, Senate Hostages 23 kills for example: Ponds Killed by Tobias Beckett in 21-10BBY Aurra Sing
86%
Duro, 62 BBY Duros Pyke Syndicate, several crews Bounty Hunter Hostages, hunting ziro, holocron 50 kills for example Ord Enisence Impaled by Fett in 9 ABY Cad Bane
86%
Corellia Human Jabba, Krayt's Claw Bounty Hunter Quarzite mission 2 confirmed kills (Movies and series) Worked with Jas Emari for the New Republic Dengar
86%
Phatrong Kyuzo Several Groups Bounty Hunter The Box, Battle of Felucia 9 Kills for example Teckla Minnau Continued to being a Bounty Hunter after the Clone Wars Embo
86%
Florrum, Sriluur Weequay Ohnaka Gang Pirate Capture of Dooku, Anakin and Obi-Wan No Kills Helped the Alliance Hondo Ohnaka
86%
Coruscant Hutt Desilijic Crime Lord No missions No Kills Shot and killed by his girlfriend Ziro Desilijic Tiure
86%
Dathomir, 50 BBY Zabrak Mother Talzin's clan/Sith Bounty Hunter, Assassin Quarzite mission, capture of Tano 153 kills for example: Faro Argyus Took Vos as apprentice and later rejoined the light side. She died in 19BBY Asajj Ventress
71%
Mandalore Human Death Watch Terrorist Siege of Mandalore Abt. 68 kills Lived to retire on Kalevaia Bo-Katan Kryze
71%
Dathomir, 54 BBY Zabrak Nightbrothers, Sith Sith, Crime Lord Siege of Mandalore 9553 kills for example Qui-Gon Killed by Kenobi on Tatooine Darth Maul
71%
Rodia, 44 BBY Rodian Jabba, Trade Federation Bounty Hunter Kidnapping Che and Chi Papanoida No Kills Killed by Han Solo in the Cantina Greedo
71%
Concord Dawn, 66 BBY Human Mandalorians Bounty Hunter Clone Template 100 Kills for example Coleman Trebor Decapitated in the Geonosian Arena Jango Fett
71%
Unknown Combat droid Krayt's Claw Bounty Hunter Quarzite mission 12 kills Unknown C-21 Highsinger
57%
Korbori Theelin Krayt's Claw Bounty Hunter Quarzite mission 2 Kills Formed her own Syndicate during the Empire's reign Latts Razzi
57%
Oba Diah Pyke Shadow Collective Syndicate leader No missions No Kills Killed by Dooku on Oba Diah Lom Pyke
57%
Nal Hutta, 1021 BBY Hutt Desilijic Crime Lord No missions No Kills Unknown Mama Desilijic Tiure
57%
Mandalore Human Death Watch Terrorist No missions 15 kills Killed by Maul on Mandalore Pre Vizsla
57%
Patrolia Patrolian Cad Bane Bounty Hunter Senator hostages, antagonize senators No Kills Unknown Robonino
57%
Tatooine Hutt Desilijic Crime Lord His own kidnapping No Kills Unknown, could've died due to him not appearing in the OT Rotta Desilijic Tiure
57%
Dathomir Zabrak Nightbrothers, Sith Sith, Crime Lord Search for Maul 98 Kills dor example Halsey or Feral Killed by Sidious during the takeover of Mandalore Savage Opress
57%
Iridonia Zabrak Own crew, Hutts Bounty Hunter Battle of Felucia 2 Kills Still a bounty hunter druing the Imperial Era Sugi
57%
Florrum Weequay Ohnaka Gang Pirate Capture of Dooku No Kills Force-choked by Dooku Turk Falso
57%
Mandalore Human Mandalorian Government Council Corrupted Politician Siege of Mandalore No Kills First imprisoned for corruption and later used to lead mandalore. Killed by Saxon Almec
43%
Klatooine Klatooinian Aurras crew Bounty Hunter Assassination of Windu No Kills Shot in the face by Sing on Florrum Castas
43%
Mandalore Human Shadow Collective, Mandalorian super commandos Commander in Mauls empire Siege of Mandalore 15 Kills Killed on Krownest by Ursa Wren Gar Saxon
43%
Holowan Laboratories IG-86 sentinel droid Ziro, Cad Bane Assassin Senator hostages No Kills Unknown HELIOS-3D
43%
Florrum Weequay Ohnaka Gang Pirate Betraying Hondo No Kills Unknown Jiro
43%
Phindar Phindian Cad Bane Criminal Mastermind The Box 2 Kills Brought back into custody Moralo Eval
43%
Nal Hutta Hutt Grand Hutt Council Crime Lord No missions No Kills Killed by Savage on Nal Hutta Oruba
43%
Concord Dawn Human Unknown Bounty Hunter ''Killing'' Kenobi No Kills Taken into custody and impersonated by Kenobi Rako Hardeen
43%
Lowick Pa'lowick Hutt Clan Singer and part-time bounty hunter Hunt for Ziro Only Ziro Still performs for Jabba Sy Snootles
43%
Vertseth Automata Techno-service droid Cad Bane Bounty Hunter Sidious' job, Hutts job, kaminoans job No Kills Still serves Bane Todo 360
43%
A-Foroon Hutt Besadii, Grand Hutt Council Crime Lord No missions No Kills Unknown Arok
29%
Coruscant Patrolian Unknown Pickpocket Stole Tanos lightsaber No Kills Continued to live on Coruscant Bannamu
29%
Ithor Ithorian The Box Bounty Hunter The Box No Kills Killed by Bane for his hat Bulduga
29%
Zolan Clawdite Cad Bane Bounty Hunter Stealing a holocron No Kills Imprisoned by the Republic Cato Parasitti
29%
Trandosha Trandoshan Hunting Guild Big Game Hunter Hunting prey on Wasskah Katt Mol, Lika, Morgo, Vadoo Killed by Ahsoka Tano and thrown into a spike Dar
29%
Parwa Parwan The Box Bounty Hunter Kidnapping of Palpatine 2 kills Unknown but he escaped the Jedi Derrown
29%
Unknown Near-human Crimson Dawn Crime Lord No missions 1 kill Killed by Qi'ra and Han Solo on Savareen Dryden Vos
29%
Nal Hutta Hutt Besadii, Grand Hutt Council Crime Lord No missions No Kills Unknown Gardulla Besadii the Elder
29%
Nal Hutta Hutt Desilijic, Grand Hutt Council Crime Lord No missions No Kills Unknown but was still alive in 10BBY Gorga Desilijic Aarrpo
29%
Florrum Weequay Ohnaka Gang Pirate Battle of Felucia No Kills Started his own gang after 20 BBY Gwarm
29%
Holowan Laboratories IG-86 sentinel droid Cad Bane Assassin Senator hostages No Kills Destroyed by Anakin HELIOS-3E
29%
Rodia Rodian Unknown Bounty Hunter The Box No Kills Killed by ray shields in the Box Jakoli
29%
Sriluur Weequay Unknown Pirate and Bounty Hunter The Box No Kills Killed by laser blades in the Box Kiera Swan
29%
Quarzite Kage Kage Warriors Warrior Quarzite mission Only Rigosso Unknown Krismo Sodi
29%
Manaan Selkath Unknown Bounty Hunter The Box No Kills Killed by the ray shield in the Box Mantu
29%
Oba Diah Pyke Shadow Collective Syndicate leader No missions No Kills Unknown Marg Krim
29%
Nal Hutta, 997 BBY Hutt Grand Hutt Council Crime Lord No missions No Kills Killed by Crimon Dawn in 3 ABY Marlo
29%
Ithor Ithorian Unknown Bounty Hunter The Box No Kills Impaled by laser blades in the Box Onca
29%
Quarzite Kage Kage Warriors Sister of warrior Quarzite mission No Kills Unknown Pluma Sodi
29%
Quarzite Belugan Otua Blank Major Quarzite mission No Kills Killed by Krismo during the mission Rigosso
29%
Mandalore Human Mandalorian super commandos Warrior in Mauls empire Siege of Mandalore 9 Kills Captured and arrested by Bo-Katan Rook Kast
29%
Florrum Weequay Ohnaka Gang Pirate Betraying Hondo No Kills Impaled by Maul after refusing to join Sabo
29%
Ssori Fragments Ssori Sugi Bounty Hunter Battle of Felucia 1 Kill Unknown, likely still active after the clone wars Seripas
29%
Sriluur Weequay Cad Bane Bounty Hunter Senator hostages No Kills Unknown, likely still active after the clone wars Shahan Alama
29%
Cadomai Prime Snivvian Unknown Bounty Hunter The Box No Kills Killed by the laser blades in the Box Sinrich
29%
Saki Sakiyan Unknown Bounty Hunter The Box No Kills Failed the sharpshooter challenge in the Box Sixtat
29%
Gorobei Frenk Cad Bane Bounty Hunter The Box, Kidnapping of the Chancellor No Kills Caught by Anakin and Mace Twazzi
29%
Krownest Human Death Watch Terrorist Siege of Mandalore 3 Kills for example Gar Saxon Lived on Krownest during the Imperial Era Ursa Wren
29%
Falleen Falleen Black Sun Vigo of a Syndicate No missions No Kills Unknown Ziton Moj
29%
Florrum(likely) Weequay Ohnaka Gang Pirate Shot down the Republic envoy to steal the spice 3 Kills: Mack, Kharrus, Clone Pilot Force-choked to death by Dooku Barb Mentir
14%
Mileva Siniteen Galactic Republic Bounty Hunter Training the cadets No Kills Unknown what happened to him after the destruction of Tipoca City Bric
14%
Terrelia Terrelian Unknown Thief Stealing Tanos lightsaber Only Nack Movers Arrested by the Republic Cassilyda Cryar
14%
Manaan Selkath Unknown Bounty Hunter Intimidating senators No Kills Imprisoned by the Republic Chata Hyoki
14%
Cona Arcona Galactic Republic Bounty Hunter Training the cadets No Kills Unknown what happened to him after the destruction of Tipoca City El-Les
14%
Oba Diah Pyke Shadow Collective Crime syndicate member No missions No Kills Unknown Fife
14%
Coruscant Nautolan Jabba(likely) Bounty Hunter No missions No Kills Unknown Fong Do
14%
Trandosha Trandoshan Hunting Guild Big Game Hunter Hunting prey on Wasskah Katt Mol, Lika, Morgo, Vadoo Killed by Tano after being thrown of a platform Garnac
14%
Florrum Weequay Ohnaka Gang Pirate Betraying Hondo No Kills Unknown Goru
14%
Rattatak Siniteen Unknown Pirate Battle of Rattatak No Kills Killed on Rattatak by Weequays Hal'Sted
14%
Holowan Laboratories IG-86 sentinel droid Ziro Assassin droid Unknown No Kills Dismantled by Ziro KRONOS-327
14%
Coruscant Human Barriss Offee Inhabitant Jedi Temple bombing at least 20 people Force-choked by Barriss Letta Turmond
14%
Unknown Anooba Embo (Owner) Bounty Hunter companion Rescue of Vos, Scipio No Kills Died in 5 ABY Marrok
14%
Unknown Tentacle-faced species Krayt's Claw Bounty Hunter No missions No Kills Impaled by Asajj Ventress on Tatooine Oked
14%
Quarzite Belugan Unknown Dictator Quarzite mission No Kills Unknown Otua Blank
14%
Florrum Weequay Ohnaka Gang Pirate No missions No Kills Unknown Parsel
14%
Florrum Weequay Ohnaka Gang Pirate Capture of Dooku No Kills Unknown Piit
14%
Unknown Kowakian monkey-lizard Ohnaka Gang Pirate Battle of Felucia No Kills Unknown Pikk Mukmuk
14%
Unknown Kowakian monkey-lizard Ohnaka Gang Pirate Capture of Dooku No Kills Unknown Pilf Mukmuk
14%
Industrial Automaton R5 series astromech droid Ohnaka Gang Pirate Capture of Dooku No Kills Joined Gwarms gang after 20BBY R5-P8
14%
Gorobei Frenk Sugi Bounty Hunter Battle of Felucia 1 Kill Shot and killed by the Weequays tank Rumi Paramita
14%
Mooga Moogan Mooga smuggling ring Smuggler Black market conspiracy No Kills Unknown, likely still active after the clone wars Tee Va
14%
Mustafar Falleen Black Sun Syndicate leader No missions No Kills Killed by Savage for refusing to join them Xomit Grunseit
14%
Arakyd Industries RA-7 protocol droid Ohnaka Gang Pirate No missions No Kills Unknown 4A-2R
0%
Balnab Tentacle-faced species Pit droids Ruler of enslaved civilization No missions 2 of his own men It was discovered that he was just a hologram made by Pit Droids Albee Dewaw
0%
Mileva(likely) Siniteen Greedo Bounty Hunter Working for Jabba No Kills Unknown Brainee
0%
Zygerria(likely) Zygerrian(likely) Slaving empire Slaver No missions No Kills Claimed to be dead by Anakin Bruno Denturri
0%
Unknown Weequay Confederacy of Independent Systems Arms Dealer No missions No Kills Arrested and then brought into the Jedi Temple Car Affa
0%
Trandosha(likely) Trandoshan Hunting Guild Big Game Hunter Hunting prey on Wasskah Katt Mol, Lika, Morgo, Vadoo Killed by Ahsoka Tano while piloting a ship Clutch
0%
Unknown Hutt Tiure family Crime Lord No missions No Kills Died by 21 BBY while his brother was hunted Ebor Desilijic Tiure
0%
Trandosha Trandoshan Hunting Guild Big Game Hunter Hunting prey on Wasskah Katt Mol, Lika, Morgo, Vadoo Shot by Tarfful Gilas
0%
Trandosha Trandoshan Hunting Guild Big Game Hunter Hunting prey on Wasskah Katt Mol, Lika, Morgo, Vadoo Crashed into the Island Goron
0%
Coruscant Salenga Unknown Thief Stealing Tanos lightsaber Only Nack Movers Arrested by the Republic Ione Marcy
0%
Roche Hive 8D-series smelter droid Cad Bane Smelter Droid Kidnapping of R2 and C-3PO No Kills Unknown J0-N0
0%
Ryloth(Likely) Twi'lek Unknown Bannamu associate No missions No Kills Unknown Jan Dez
0%
Unknown ASP-series labor droid Weequay pirates Pirate No missions 2 kills Unknown K0-5D
0%
Trandosha Trandoshan Hunting Guild Big Game Hunter Hunting prey on Wasskah Katt Mol, Lika, Morgo, Vadoo Survived the Wookiees and moved to Nal Hutta Krix
0%
Trandosha Trandoshan Hunting Guild Big Game Hunter Hunting prey on Wasskah Katt Mol, Lika, Morgo, Vadoo Shot by the Wookiees Lagon
0%
Coruscant Quarren Unknown Bannamu associate No missions No Kills Unknown Lauli Wahlo
0%
Trandosha Trandoshan Hunting Guild Big Game Hunter Hunting prey on Wasskah Katt Mol, Lika, Morgo, Vadoo Shot and killed by Tarfful Lo-Taren
0%
Unknown Lutrillian Unknown Criminal No missions No Kills Unknown Maysano
0%
Trandosha(likely) Trandoshan Malkite poisoners Hitman No missions No Kills Killed by his bodyguard and girlfriend Nack Movers
0%
Unknown Siniteen Unknown Criminal No missions No Kills Unknown Nim Mindbend
0%
Rodia(likely) Rodian Unknown Criminal No missions No Kills Unknown Omar Toggs
0%
Trandosha Trandoshan Hunting Guild Big Game Hunter Hunting prey on Wasskah Katt Mol, Lika, Morgo, Vadoo Survived the fall and moved to Nal Hutta Ramy
0%
Ryloth Twi'lek Unknown Scavenger and pirate No missions No Kills Killed by Asajj Ventress after saving her from the Battle of Sullust Ratch
0%
Trandosha Trandoshan Hunting Guild Big Game Hunter Hunting prey on Wasskah Katt Mol, Lika, Morgo, Vadoo Survived the fall and moved to Nal Hutta Ratter
0%
Mandalore Human New Mandalorians Importer Black market conspiracy on Mandalore No Kills Unknown Siddiq
0%
Trandosha Trandoshan Hunting Guild Big Game Hunter Hunting prey on Wasskah Katt Mol, Lika, Morgo, Vadoo Survived the Wookiees and its unknown what he proceeded to do Smug
0%
Trandosha Trandoshan Hunting Guild Big Game Hunter Hunting prey on Wasskah Katt Mol, Lika, Morgo, Vadoo Shot by the Wookiees Sochek
0%
Kalevala Human Death Watch Terrorist Taking the Duchess hostage 5 Kills Impaled by Anakin Skywalker Tal Merrik
0%
Unknown Twi'lek Greedo Girlfriend of Bounty Hunter Kidnapping of Che and Chi Papanoida No Kills Unknown Trella Bare'Ah
0%
Ando(likely) Aqualish Unknown Criminal No missions No Kills Unknown Utonk Hid
0%
Trandosha Trandoshan Unknown Criminal No missions No Kills Unknown Zug Tassik
0%
No matching quizzes found
Score Distribution
Percent of People with Each Score
Percentile by Number Answered
Your Score History
You have not taken this quiz